Loading...

Bolanevālī aurata /

Bibliografiske detaljer
Hovedforfatter: Kāliyā, Mamatā
Format: Printed Book
Sprog:Hindi
Udgivet: Nayī Dillī : Vāṇī Prakāśana, 1998.
Udgivelse:1. saṃskaraṇa.
Fag:
LEADER 00803cam a2200241 a 4500
008 990114s1998 ii 000 1 hino
999 |c 247520  |d 247520 
010 |a  98915041  
020 |a 8170555930  |c INR200.00 
025 |a I-H-98-915041; 09 
042 |a lcode 
100 1 |a Kāliyā, Mamatā, 
245 1 0 |a Bolanevālī aurata /  |c Mamatā Kāliyā. 
250 |a 1. saṃskaraṇa. 
260 |a Nayī Dillī :  |b Vāṇī Prakāśana,  |c 1998. 
300 |a 91 p. ;  |c 24 cm. 
500 |a Short stories. 
546 |a In Hindi. 
650 0 |a Hindi-Short Stories 
942 |2 ddc  |c BK 
906 |a 7  |b cbc  |c origode  |d 3  |e ncip  |f 19  |g y-gencatlg 
955 |a wd26;11/24/98; yj07 06-01-99 
952 |0 0  |1 0  |4 0  |6 S_41  |7 0  |9 274856  |a HIN  |b HIN  |c S-41  |d 2017-03-30  |g 200.00  |i 23518  |l 0  |o S-41  |p HIN23518  |r 2017-03-30  |w 2017-03-30  |y BK